2000s Albums (Medium) - Statistics

General Stats
  • This quiz has been taken 806 times
    757 since last reset
  • The average score is 12 of 20
Answer Stats
Picture Answer % Correct
Good Girl Gone Bad - Rihanna
90%
Weezer [Green Album] - Weezer
79%
The College Dropout - Kanye West
78%
Viva la Vida or Death and All of His Friends - Coldplay
70%
Fallen - Evanescence
69%
Laundry Service - Shakira
69%
Confessions - Usher
65%
Hybrid Theory - Linkin Park
65%
Franz Ferdinand - Franz Ferdinand
64%
Kid A - Radiohead
59%
The Blueprint - Jay-Z
56%
Toxicity - System of a Down
54%
The Black Parade - My Chemical Romance
53%
Love.Angel.Music.Baby - Gwen Stefani
52%
Songs About Jane - Maroon 5
50%
Nellyville - Nelly
49%
All That You Can't Leave Behind - U2
42%
From Under The Cork Tree - Fall Out Boy
38%
All the Right Reasons - Nickelback
33%
Battle Studies - John Mayer
33%
No matching quizzes found
Score Distribution
Percent of People with Each Score
Percentile by Number Answered
Your Score History
You have not taken this quiz since the last reset